000 00329cam a22001097a 4500
008 180718b1993 xxu||||| |||| 00| 0 eng d
082 _aB71103x5422 A/1993
100 _aMadhya Pradesh. Legislature
245 _aThe Madhya Pradesh panchayat raj adhiniyam, 1993
260 _aBhopal
_bThe author
_c1993
300 _ap. 54 (51)-54 (97)
999 _c488574
_d488574